| 000 | 01301nam0a2200313 4500 | ||
|---|---|---|---|
| 001 | RU\NLR\bibl\1220612 | ||
| 005 | 20260406140505.0 | ||
| 010 |
_a5-8520-132-1 _98000 |
||
| 021 |
_aRU _b2008-14778 _9803 |
||
| 035 | _a(NLR Aleph) 001206973 | ||
| 090 |
_a53791 _c53791 |
||
| 100 | _a20080425d2008 |||y0rusy50 ca | ||
| 101 | 0 | _arus | |
| 102 | _aRU | ||
| 105 | _ac ||||||||| | ||
| 200 | 1 |
_aО борьбе человека со страстями _eизвлечения из дневниковых тетрадей за 1856-1866 гг. _fсв. прав. Иоанн Кронштадсский |
|
| 210 |
_aМосква _cОтчий дом _d2008 |
||
| 215 |
_a205, [3] с. _cпортр. _d22 |
||
| 300 | _a100-летию со дня блаженной кончины св. прав. Иоанна Кронштадского посвящается | ||
| 320 | _aБиблиогр. в подстроч. прим. | ||
| 606 | 1 |
_aХристианская мораль _91639409 _3RU\NLR\auth\66724879 |
|
| 686 | _aЭ372.24-43 | ||
| 700 | 0 |
_4070 _8rus _7ca _aИоанн Кронштадтский _cсвятой _f1829-1908 _3RU\NLR\auth\773064 _9113070 |
|
| 801 | 0 |
_aRU _bNLR _c20080425 _gRCR |
|
| 801 | 1 |
_aRU _bNLR _c20080425 |
|
| 942 | _cBOOK | ||
| 980 | _aNB | ||